| 000 | 00835nam a2200241 i 4500 | ||
|---|---|---|---|
| 001 | 140270 | ||
| 003 | ES-MaACL | ||
| 005 | 20250815082421.0 | ||
| 007 | t| | ||
| 008 | 070214s1968 sp r ||||1| spa d | ||
| 100 | 1 |
_aSchumpeter, Joseph A., _d1883-1950 _9104815 |
|
| 245 | 1 | 0 |
_aCapitalismo, socialismo y democracia / _cJoseph A. Schumpeter ; traducción del inglés por José Díaz García. |
| 260 |
_aMadrid : _bAguilar, _c1968. |
||
| 300 |
_a512 p. ; _c22 cm. |
||
| 490 | 1 | _aBiblioteca de ciencias sociales. Economía | |
| 650 | 0 | 4 |
_aCapitalismo. _910760 |
| 650 | 0 | 7 |
_aSocialismo _2embne _917147 |
| 650 | 7 |
_aDemocracia _2embne _911574 |
|
| 700 | 1 |
_aDíaz García, José. _944287 |
|
| 830 | 1 | 0 |
_aBiblioteca de ciencias sociales (Aguilar). _pEconomía _9181705 |
| 852 |
_aES-MaACL _jF-6252 |
||
| 999 |
_c140270 _d140270 |
||